Técnica da Publicidade (Record no. 45454)

MARC details
000 -Etiqueta do registo
Valores 00541cam a2200181 04500
100 ## - Dados gerais de processamento
Dados gerais 19931026d1942 m y0pory50030103ba
101 0# - Língua de publicação
Língua por
102 ## - País de publicação
País PT
200 1# - Titulo e menção de responsabilidade
Título próprio Técnica da Publicidade
Primeira menção de responsabilidade A. Araújo Pereira
210 #9 - Publicação
Local de publicação Lisboa
Nome do editor Edições Cosmos,
Data de publicação [1942]
215 ## - Descrição física 
Paginação / Volumes 114 p.
Outras indicações físicas il.
Dimensões 19 cm
225 2# - Colecção 
Título próprio da colecção Biblioteca Cosmos
Número de parte ou secção 1. ª secção
Nome de parte ou secção Ciências e Técnicas. Psicológicas e Sociológicas
Indicação de volume 28
675 ## - CDU
Notação 659(035)
Edição BN
Língua por
700 #1 - Autor principal
Apelido Pereira,
Nome A. Araújo,
Datas 1915-
801 #0 - Fonte de origem
País PT
Agência BN
Regras de catalogação RPC
990 ## - Elementos KOHA
Tipo de documento Livro
Holdings
Aquisição Empréstimo Código de barras Cota Permissão de empréstimo Tipo de documento Nota relativa ao exemplar
Biblioteca Municipal de Redondo Biblioteca Municipal de Redondo 056173 659.1 PER Consulta presencial Livro oferta de Vergílio Ambrósio

Powered by Koha